| 000 | 00393nam a2200157Ia 4500 | ||
|---|---|---|---|
| 005 | 20240424052313.0 | ||
| 008 | 240331s9999 xx 000 0 und d | ||
| 020 | _a13910590 | ||
| 082 |
_bGAR _a331.4 |
||
| 245 | 0 | _aGarment factory women workers | |
| 260 |
_aColombo : _bCentre for society and religion / _c1998 |
||
| 300 | _aii, 122 p ., | ||
| 650 | _awomen | ||
| 650 | _aSocial | ||
| 942 | _cL | ||
| 999 |
_c2633 _d2633 |
||